| 000 | 00000nam##2200000za#4500 |
| 001 | 9.571220 |
| 003 | CaOODSP |
| 005 | 20210624182622 |
| 007 | cr ||||||||||| |
| 008 | 150406|1995||||xxc|||||o f|0| 0 eng|d |
| 040 | |aCaOODSP|beng |
| 043 | |an-cn--- |
| 086 | 1 |aEn1-17/11-1995E-PDF |
| 110 | 1 |aCanada.|bEnvironment Canada. |bTechnology Development Section. |
| 245 | 10|aContaminated soil. Mobile unit for washing contaminated soils |h[electronic resource] |
| 260 | |aMontreal - Quebec : |bEnvironment Canada. |cJune 1995. |
| 300 | |a4p.|bfig., table, photographs |
| 490 | 1 |aSt. Lawrence technologies |
| 500 | |aThe catalogue number (En1-17/11-1995E), ISSN (1188-8903) and ISBN (0-662-23529-0) for the print edition have been incorrectly copied in this electronic publication. |
| 590 | |a12-02-Supp|b2012-01-20 |
| 690 | 07|aDecontamination|2gcpds |
| 690 | 07|aSoil pollution|2gcpds |
| 775 | 08|tSols contaminés. Unité mobile de lessivage de sols contaminés |w(CaOODSP)9.601846 |
| 776 | 0#|tContaminated soil: mobile unit for washing contaminated soils / |w(CaOODSP)9.612354 |
| 830 | #0|aSt. Lawrence technologies.|w(CaOODSP)9.504441 |
| 856 | 40|ahttp://publications.gc.ca|qPDF|s435 KB|uhttps://publications.gc.ca/collections/Collection/En1-17-11-1995E.pdf |